000 00537nam a2200205Ia 4500
999 _c31154
_d31154
001 31032
003 PK-LaUMT
005 20220902152954.0
008 140416s9999 xx 000 0 und d
040 _cPK-LaUMT
082 _aW 025.4028
_bCAN-
100 _aFinger, J. Michael
110 _aWorld Bank
245 _aCan competition policy control 301?
_cFinger, J. Michael<>K. A. Hussain
260 _aWashington,USA:
_bWorld Bank,
_c1994
300 _a42 p.
546 _aEN
700 _aK. A. Hussain
942 _cWEEDED OUT
_2ddc